| 000 | 00784nam a2200157 a 4500 | ||
|---|---|---|---|
| 001 | 000044597 | ||
| 005 | 20201002045504.0 | ||
| 008 | 140721s1996 sp 000 0 spa d | ||
| 020 | _a8475064590 | ||
| 040 |
_aDO-SdBNP _bspa _cBNPHU |
||
| 100 | 1 |
_aUnamuno, Miguel de _946765 |
|
| 245 | 1 | 0 |
_aObras completas / _cMiguel de Unamuno. |
| 260 |
_aMadrid : _bFundación José Antonio de Castro, _c1996. |
||
| 300 |
_av. ; _c24 cm. |
||
| 505 | 0 |
_gV. 2 _tEl espejo de la muerte _rTulio Montalbán y Julio Macedo -- _tTres novela ejemplares y un prólogo / _rSan Manuel Bueno _tMártir, y tres historias más -- _gv. 3 _tLa efinge _tLa venda _tLa princesa doña Lambra. _tLa difunta _tEl pasado que vulve, Fedra _tSoledad Raquel encadenada _tSombra de sueño _tEl otro _tEl hermano Juan o El mundo es teatro, Madea |
|
| 999 |
_c44086 _d44086 |
||